000 00720nam a2200277Ia 4500
005 20260324125126.0
008 008 260324s9999 xx 000 0 eng d
020 _a9780203892329
037 _aEBOOK
040 _aCRL
040 _beng
040 _cCRL
041 _2eng
041 _aeng
084 _qCRL
100 _aCharles Bazerman; Robert Krut; Suzie Null; Paul Rogers; Amanda Stansell; Karen Lunsford; Susan McLeod
_91176793
245 0 _aTraditions of Writing Research
260 _bTaylor and Francis
260 _c2009
365 _a
365 _b230
856 _uhttp://www.taylorfrancis.com/books/9780203892329
942 _cEBOOK
999 _c1771763
_d1771763